[Event "TIPC 2012"]
[Site "Charleroi"]
[Date "2012.07.31"]
[Round "5.20"]
[White "Baguet, Frédéric"]
[Black "Ooghe, Jean-Marie"]
[Result "1-0"]
[LiveChessVersion "1.4-u16"]
[BlackElo "1795"]
[WhiteElo "2037"]

1. d4 Nf6 2. Nc3 d5 3. e4 dxe4 4. f3 e3 5. Bxe3 Bf5 6. Bc4 e6 7. Bd3 Bg6 8. Nge2
Nc6 9. Qd2 Bb4 10. a3 Be7 11. O-O O-O 12. Bxg6 hxg6 13. Ne4 Nd5 14. Bf2 b5 15.
N2c3 a6 16. Rad1 Rb8 17. Nxd5 Qxd5 18. Nc5 a5 19. Qf4 Bd6 20. Qe4 Ne7 21. Qxd5
Nxd5 22. Nd7 b4 23. a4 Nb6 24. Nxb8 Rxb8 25. b3 Nd5 26. Rfe1 Nf6 27. Bh4 Nd5 28.
Bg5 f6 29. Bc1 Kf7 30. Rd3 g5 31. g3 Rb6 32. Bb2 Rc6 33. Rc1 f5 34. Kf2 f4 35. g4
Be7 36. Ke2 Rb6 37. h3 Rb8 38. Rh1 Rb6 39. Rb1 Rc6 40. Kd2 Rb6 41. c4 bxc3+ 42.
Bxc3 Bb4 43. Bxb4 axb4 44. Rc1 Ra6 45. Ke2 Ra8 46. Rdd1 Ra6 47. Kd3 Rb6 48. Rc5
Rb7 49. Re1 Rb6 50. Re5 Kf6 51. Kc4 c6 52. a5 Rb8 53. Rxc6 Ne3+ 54. Kd3 Re8 55.
Rxe3 fxe3 56. Kxe3 Ra8 57. Rc5 Ke7 58. Rxg5 Kd6 59. Rxg7 Rxa5 60. Rb7 Ra2 1-0

[Event "TIPC 2012"]
[Site "Charleroi"]
[Date "2012.08.01"]
[Round "6.1"]
[White "Zubarev, Alexander"]
[Black "Ringoir, Tanguy"]
[Result "0-1"]
[LiveChessVersion "1.4-u16"]
[BlackElo "2427"]
[WhiteElo "2596"]

1. d4  f5  2. Nc3  d5
 3. Bg5  g6  4. h4
 Bg7  5. e3  Nf6 
6. h5  Nxh5  7. Rxh5  gxh5
 8. Qxh5+  Kf8  9. Nh3
 c6  10. Nf4  Qd6
 11. g4  fxg4  12. Bd3
 e5  13. dxe5  Qxe5
 14. O-O-O  Na6  15. Nfxd5
 cxd5  16. Bxa6  h6
 17. Rxd5  hxg5  0-1

[Event "TIPC 2012"]
[Site "Charleroi"]
[Date "2012.08.01"]
[Round "6.2"]
[White "Vandevoort, Pascal"]
[Black "Shchekachev, Andrei"]
[Result "1-0"]
[LiveChessVersion "1.4-u16"]
[BlackElo "2528"]
[WhiteElo "2388"]

1. d4  Nf6  2. c4  g6
 3. Nc3  Bg7  4. e4
 d6  5. h3  Nbd7 
6. Nf3  e5  7. d5  Nc5
 8. Qc2  a5  9. g4
 O-O  10. Be3  c6
 11. Be2  a4  12. Nd2
 Qa5  13. Rb1  Qb4
 14. a3  Qa5  15. f3
 Ne8  16. Kf1  f5
 17. Kg2  Rf7  18. Rbc1
 Nf6  19. Na2  Bd7
 20. Nb4  Raf8  21. Rhf1
 Kh8  22. Nd3  Nxd3
 23. Bxd3  f4  24. Bf2
 c5  25. Ra1  Qd8
 26. b4  axb3  27. Qxb3
 h5  28. g5  Ne8 
29. h4  Bc8  30. Rfb1  Nc7
 31. Kf1  Rg8  32. Ke2
 Bf8  33. Qc3  Kh7
 34. Rb2  Na6  35. Rab1
 Be7  36. Nb3  Rgg7
 37. Na5  Bxg5 38. hxg5  Qxg5
 39. Rb6  Qd8  40. R6b2
 Kg8  41. Rh1  Rh7
 42. Nb3  Qe7  43. Kd2
 g5  44. Be2  Rfg7
 45. Rbb1  Nb8  46. Qa5
 Na6  47. Qb6  Qf8
 48. Rbg1  Kf7  49. Nc1
 Nb8  50. Na2  Nd7
 51. Qc7  Kg8  52. Nc3
 Nf6  53. Qb8  Nd7
 54. Qa8  Qd8  55. Nb5
 Nb6  56. Qb8  Rh6
 57. Nxd6  Rxd6  58. Bxc5
 Rh6  59. Bxb6  Rxb6
 60. Qxe5  h4  61. Rxh4
 Re6  62. Qc3  Qe7
 63. Rh5  Reg6  64. Rgh1
 Qc5  65. e5  Kf7
 66. Rh7  Rxh7  67. Rxh7+
 Kg8  68. Rh1  Bf5
 69. e6  Rg7  70. Kc1
 g4  71. fxg4 Be4 72. Rh3  Qg1+
 73. Bd1  f3  74. Rxf3
 Bxf3  75. Qxf3  Qd4
 76. Qe2  Qc5  77. Qd3
 Qd6  78. Be2  b6
 79. Kc2  Kf8  80. Kb3
 Ra7  81. a4  Rg7
 82. Qd4  Rh7  83. g5
 Rh3+  84. Bd3  Ke8
 85. g6  Qg3  86. Kb4
 Qxd3 87. Qxd3 1-0

[Event "TIPC 2012"]
[Site "Charleroi"]
[Date "2012.08.01"]
[Round "6.3"]
[White "Kveinys, Aloyzas"]
[Black "Henris, Luc"]
[Result "1-0"]
[LiveChessVersion "1.4-u16"]
[BlackElo "2192"]
[WhiteElo "2523"]

1. c4  f5  2. Nf3  d6
 3. d4  Nf6  4. g3
 g6  5. Bg2  Bg7 
6. O-O  O-O  7. Nbd2  Qe8
 8. Re1  e5  9. dxe5
 dxe5  10. e4  Nc6
 11. h3  f4  12. b3
 fxg3  13. fxg3  Qe7
 14. Nf1  Be6  15. Bg5
 h6  16. Bd2  Nh5
 17. Kh2  Nd4  18. Ne3
 c6  19. Rf1  Rad8
 20. Qe1  Rf7  21. Rd1
 Rdf8  22. Nh4  Kh7
 23. Bc1  Rxf1  24. Nxf1
 Bf6  25. Nf3  Nxf3+
 26. Bxf3  Ng7  27. Qe2
 Rd8  28. h4  h5 
29. Rxd8  Qxd8  30. Qe3  Bf7
 31. Qxa7  Qd7  32. Qe3
 Ne6  33. Bxh5  Bxh4
 34. Qh6+  Kg8  35. Bxg6
 Nf8  36. Bf5  Qd3
 37. Qxh4  1-0

[Event "TIPC 2012"]
[Site "Charleroi"]
[Date "2012.08.01"]
[Round "6.4"]
[White "Noiroux, Kevin"]
[Black "Sarrau, Jelle"]
[Result "1-0"]
[LiveChessVersion "1.4-u16"]
[BlackElo "2306"]
[WhiteElo "2154"]

1. d4  Nf6  2. Nf3  e6
 3. Bf4  c5  4. c3
 b6  5. e3  Bb7 
6. Bd3  Be7  7. h3  O-O
 8. Nbd2  cxd4  9. cxd4
 Nc6  10. a3  Nd5
 11. Bh2  f5  12. O-O
 Nf6  13. Re1  Rc8
 14. e4  fxe4  15. Nxe4
 Nxe4  16. Bxe4  Na5
 17. d5  Bf6  18. Ne5
 Qe8  19. b4  Nc4
 20. dxe6  d5  21. Bxd5
 Bxd5  22. Qxd5  Bxe5
 23. Bxe5  Qc6  24. Rad1
 Rfe8  25. Qd7  Nxe5
 26. Rxe5  Rc7  27. Qxc6
 Rxc6  28. Rde1  g6
 29. R1e3  Kg7  30. R5e4
 Re7  31. Rd3  Kf6
 32. Rf3+  Kg7  33. Rd3
 Kf6  34. b5  Rc1+
 35. Kh2  Rxe6  36. Rf4+
 Ke7  37. Rdf3  Kd8
 38. Rf7  Re7  39. Rf8+
 Kd7  40. Ra8  Rc7
 41. Rf6  Re6  42. Rf7+
 Re7  43. Raf8  Kd6
 44. Rf4  Kc5  45. a4
 Kd5  46. Kg3  Rcd7
 47. Kg4  Ke5  48. Kg5
 Kd5  49. Kh6  Ke5
 50. g3  Kd5  51. h4
 Ke5  52. h5  gxh5
 53. R8f5+  Ke6  54. Kxh5
 Rc7  55. g4  Rg7
 56. Rg5  Rgd7  57. Re4+
 Kf6  58. Kh6  Rc5
 59. Rf4+  Ke6  60. Rg7
 Rxg7  61. Kxg7  h5
 62. Rf6+  Ke7  63. Rf7+
 Kd6  64. gxh5  Rxh5
 65. f4  a6  66. Kg6
 Rc5  67. Rf6+  Kc7
 68. Rf7+  Kb8  69. bxa6
 Rc4  70. f5  Ka8
 71. Rb7  b5  72. Rxb5
 1-0

[Event "TIPC 2012"]
[Site "Charleroi"]
[Date "2012.08.01"]
[Round "6.5"]
[White "Rooze, Jan"]
[Black "Van Uytven, Eric"]
[Result "1-0"]
[LiveChessVersion "1.4-u16"]
[BlackElo "2151"]
[WhiteElo "2294"]

1. e4  e5  2. Bc4  Nf6
 3. d3  Nc6  4. Nf3
 Bc5  5. c3  a6 
6. Bb3  Ba7  7. O-O  d6
 8. Nbd2  O-O  9. Nc4
 h6  10. h3  Be6 
11. Re1  Re8  12. Be3  b5
 13. Ncd2  Bxe3  14. fxe3
 d5  15. exd5  Bxd5
 16. e4  Bxb3  17. Nxb3
 Qd6  18. Nh4  Rad8
 19. Re3  g6  20. Qf3
 Nh7  21. Rf1  Ng5
 22. Qf2  Rd7  23. Rg3
 Nd8  24. Nf3  Nde6
 25. h4  Nxf3+  26. Rxf3
 Nf4  27. d4  f6 
28. Kh1  Rdd8  29. Nc5  Ra8
 30. b4  c6  31. a3
 Rf8  32. g3  Nh5
 33. Kg2  g5  34. hxg5
 hxg5  35. Rh1  Ng7
 36. dxe5  fxe5  37. Qa2+
 1-0

[Event "TIPC 2012"]
[Site "Charleroi"]
[Date "2012.08.01"]
[Round "6.6"]
[White "Barbier, Wim"]
[Black "Wiley, Tom"]
[Result "1/2-1/2"]
[LiveChessVersion "1.4-u16"]
[BlackElo "2283"]
[WhiteElo "2148"]

1. c4  Nf6  2. g3  c6
 3. Bg2  d5  4. Nf3
 dxc4  5. O-O  Nbd7
 6. Na3  Nb6  7. Qc2
 Be6  8. Ng5  Bg4
 9. f3  Bh5  10. Nxc4
 Qd4+  11. Ne3  e6
 12. Kh1  Bc5  13. d3
 Bg6  14. f4  Qd6
 15. Qb3  O-O  16. Nf3
 Qe7  17. Ne5  Nfd7
 18. N3c4  Nxe5  19. Nxe5
 Nd5  20. Nc4  Rad8
 21. a3  f6  22. Bd2
 Bf7  23. Qc2  Rd7
 24. Rae1  Nb6  25. b4
 Nxc4  26. dxc4  Rfd8
 27. Rd1  Bd6  28. Be4
 Bg6  29. Bxg6  hxg6
 30. Bc3  Kf7  31. e4
 Bc7  32. Rxd7  Qxd7
 33. Rf2  Qd1+  34. Qxd1
 Rxd1+  35. Kg2  Ke7
 36. Rc2  Rd3  1/2-1/2

[Event "TIPC 2012"]
[Site "Charleroi"]
[Date "2012.08.01"]
[Round "6.7"]
[White "Callier, Christophe"]
[Black "Bomans, Arno"]
[Result "1/2-1/2"]
[LiveChessVersion "1.4-u16"]
[BlackElo "2245"]
[WhiteElo "2042"]

1. e4  c6  2. d4  d5
 3. f3  dxe4  4. fxe4
 e5  5. Nf3  Bg4 
6. Bc4  Nd7  7. O-O  Ngf6
 8. c3  Bd6  9. Bg5
 Qc7  10. Nbd2  O-O
 11. Qe1  b5  12. Bb3
 c5  13. Qh4  Bxf3
 14. Nxf3  cxd4  15. cxd4
 exd4  16. Kh1  Rae8
 17. Rae1  Be5  18. Nxe5
 Rxe5  19. Bf4  Rfe8
 20. Bxe5  Nxe5 21. Qg3 1/2-1/2

[Event "TIPC 2012"]
[Site "Charleroi"]
[Date "2012.08.01"]
[Round "6.8"]
[White "Sclacmender, Julien"]
[Black "Mastalerz, Xavier"]
[Result "1/2-1/2"]
[LiveChessVersion "1.4-u16"]
[BlackElo "2144"]
[WhiteElo "2223"]

1. e4  e6  2. d4 d5  3. Nc3
 Nf6  4. e5  Nfd7
 5. f4  c5  6. Nf3
 Nc6  7. Be3  Be7
 8. Qd2  O-O  9. dxc5
 Bxc5  10. Bxc5  Nxc5
 11. O-O-O  Qa5  12. h4
 Rd8  13. Qe3  Bd7
 14. Rh3  Nb4  15. a3
 Nxc2  16. Kxc2  Ba4+
 17. Kb1  Bxd1  18. Nxd1
 d4  19. Qe1  Qa4
 20. Nd2  d3  21. Rf3
 Qc2+  22. Ka2  Na4
 23. Rf2  Rac8  24. g3
 Rc3  25. Ne4  Qb3+
 26. Kb1  Qc2+  27. Ka2
 Qb3+  28. Kb1  Qc2+
 29. Ka2  Qb3+ 30. Kb1 Rc2 1/2-1/2

[Event "TIPC 2012"]
[Site "Charleroi"]
[Date "2012.08.01"]
[Round "6.9"]
[White "De Strycker, Nathan"]
[Black "Schuermans, Robert"]
[Result "1/2-1/2"]
[LiveChessVersion "1.4-u16"]
[BlackElo "2202"]
[WhiteElo "1884"]

1. d4  d5  2. c4  Nc6
 3. Nc3  dxc4  4. Nf3
 Nf6  5. Bg5  Nd5
 6. e4  Nxc3  7. bxc3
 f6  8. Be3  g6 
9. Bxc4  Bg7  10. d5  Ne5
 11. Nxe5  fxe5  12. Qa4+
 Bd7  13. Qb3  b6
 14. O-O  O-O  15. f4
 Kh8  16. fxe5  Bxe5
 17. Bd4  Bxd4+  18. cxd4
 b5  19. Be2  c6 
20. Qg3  cxd5  21. Rxf8+  Qxf8
 22. Qe5+  Qf6  23. exd5
 1/2-1/2

[Event "TIPC 2012"]
[Site "Charleroi"]
[Date "2012.08.01"]
[Round "6.10"]
[White "Le Quang, Kim"]
[Black "Baguet, Frédéric"]
[Result "1/2-1/2"]
[LiveChessVersion "1.4-u16"]
[BlackElo "2037"]
[WhiteElo "2282"]

1. c4  Nf6  2. g3  c6
 3. Bg2  d5  4. Nf3
 Bg4  5. Ne5  Be6
 6. cxd5  Bxd5  7. Nf3
 e6  8. Nc3  Bxf3
 9. Bxf3  Nbd7  10. d4
 Bd6  11. O-O  O-O
 12. e4  e5  13. d5
 Qc7  14. Be3  Bc5
 15. Bxc5  Nxc5  16. b4
 Ncd7  17. Rc1  cxd5
 18. Nxd5  Qd6  19. Nxf6+
 Qxf6  20. Rc7  Rad8
 21. Rxd7  Rxd7  22. Qxd7
 Qxf3  23. Qxb7  Qa3
 24. Qd5  Qxb4  25. Qxe5
 Qa4  26. Qd5  g6
 27. Rc1  a6  28. Kg2
 Re8  29. e5  Re6
 30. f4  Qb5  31. Qxb5
 axb5  32. Kf3  Ra6
 33. Rc2  Ra4  34. Ke3
 h5  35. Kd3  h4 
36. Kc3  hxg3  37. hxg3  g5
 38. fxg5  Re4  39. Kb3
 Rxe5  40. Kb4  Rxg5
 41. Rc5  Rxg3  42. Rxb5
 Kg7  43. a4  Rg4+
 44. Ka5  Re4  45. Rc5
 Kg6  46. Kb5  Re1
 47. a5  Rb1+  48. Kc6
 f5  49. a6  Ra1 
50. Kb6  f4  51. a7  f3
 52. Rc1  Ra2  53. Rc2
 Ra1  54. Rb2  Kg5
 55. Kb7  Kg4  1/2-1/2

[Event "TIPC 2012"]
[Site "Charleroi"]
[Date "2012.08.01"]
[Round "6.11"]
[White "De Reymaeker, Walter"]
[Black "Maes, Wim"]
[Result "1/2-1/2"]
[LiveChessVersion "1.4-u16"]
[BlackElo "2268"]
[WhiteElo "1977"]

1. e4 c5 2. Nc3 a6 3. g3 b5 4. d3 e6 5. Bg2 Bb7 6. Nf3 Be7 7. O-O d5 8. exd5 exd5
9. d4 c4 10. Ne5 Nf6 11. Bg5 O-O 12. Re1 1/2-1/2

[Event "TIPC 2012"]
[Site "Charleroi"]
[Date "2012.08.01"]
[Round "6.12"]
[White "Van Mechelen, Jan"]
[Black "Vanhee, Freddy"]
[Result "1/2-1/2"]
[LiveChessVersion "1.4-u16"]
[BlackElo "1961"]
[WhiteElo "2247"]

1. e4 c5 2. Nf3 Nc6 3. Bb5 a6 4. Bxc6 dxc6 5. d3 Qc7 6. Be3 e5 7. Nbd2 Bd6 8. a4
a5 9. O-O Ne7 10. Nh4 O-O 11. Qh5 Be6 12. Nc4 Bxc4 13. dxc4 Ng6 14. Nf5 Rfd8 15.
Ra3 Bf8 16. Bg5 Nf4 17. Bxd8 Rxd8 18. Qg4 Rd2 19. Rd1 Ne2+ 20. Kf1 Rxd1+ 21. Kxe2
Rd7 22. Rd3 1/2-1/2

[Event "TIPC 2012"]
[Site "Charleroi"]
[Date "2012.08.01"]
[Round "6.14"]
[White "Roels, Frederik"]
[Black "Lafosse, Jimmy"]
[Result "0-1"]
[LiveChessVersion "1.4-u16"]
[BlackElo "2136"]
[WhiteElo "1966"]

1. d4 e6 2. e4 d5 3. exd5 exd5 4. Nf3 Bd6 5. Bd3 Nc6 6. Bg5 Nge7 7. c3 f6 8. Bh4
Bg4 9. Nbd2 Qd7 10. Qe2 O-O-O 11. O-O-O Rhe8 12. Qf1 Ng6 13. Bg3 Nf4 14. Bxh7 f5
15. Bxf4 Bxf4 16. h3 Bxf3 17. gxf3 Rh8 18. Bg6 Rh6 19. Rg1 Ne7 20. Bf7 g5 21. Re1
Rf6 22. Bh5 Rh8 23. Qe2 Kd8 24. h4 Rxh5 25. hxg5 Rg6 0-1

[Event "TIPC 2012"]
[Site "Charleroi"]
[Date "2012.08.01"]
[Round "6.16"]
[White "Uhoda, Philippe"]
[Black "Van Melkebeke, Willem"]
[Result "0-1"]
[LiveChessVersion "1.4-u16"]
[BlackElo "1940"]
[WhiteElo "2106"]

1. e4 c5 2. Nc3 Nc6 3. Bb5 Nd4 4. Bc4 e6 5. d3 Ne7 6. Nf3 Nec6 7. O-O d6 8. Nxd4
Nxd4 9. Nb5 Nc6 10. a4 a6 11. Nc3 Be7 12. f4 Rb8 13. Be3 Nd4 14. Bxd4 cxd4 15.
Ne2 b5 16. axb5 axb5 17. Bb3 O-O 18. Ng3 Kh8 19. f5 Bh4 20. fxe6 Bxg3 21. hxg3
Bxe6 22. Bxe6 fxe6 23. Rxf8+ Qxf8 24. Qh5 Qc8 25. Kh2 b4 26. Qf7 Rb7 27. Qf2 e5
28. Ra6 Qd8 29. Qf5 h6 30. Qe6 Rb6 31. Ra7 Qg5 32. Qe8+ Kh7 33. Rf7 Qh5+ 34. Kg1
Qg6 35. Rf8 Qxe8 36. Rxe8 Kg6 37. Rc8 Kg5 38. b3 Kg4 39. Rc7 g5 40. Kh2 h5 41.
Rc4 h4 42. gxh4 Kxh4 43. Rc8 Kg4 44. Rf8 Rc6 45. Rf2 Kh4 46. g3+ Kg4 47. Kg2 Rc7
48. Rd2 Rf7 49. Rd1 Rf3 50. Ra1 Rxg3+ 51. Kf2 Kf4 52. Ra6 Rf3+ 53. Kg2 Re3 54.
Kf2 g4 55. Rxd6 g3+ 56. Kf1 Rf3+ 57. Kg1 Rf2 58. Rf6+ Ke3 59. Rf5 Rxc2 60. Rxe5
Kxd3 61. Rg5 Kxe4 62. Rxg3 Rc3 63. Rg8 Ke3 64. Rg3+ Ke2 65. Rg4 Kd3 66. Rg3+ Kc2
67. Rg4 d3 0-1

[Event "TIPC 2012"]
[Site "Charleroi"]
[Date "2012.08.01"]
[Round "6.17"]
[White "Apemiye, Austin"]
[Black "Edwards, Geraint"]
[Result "1-0"]
[LiveChessVersion "1.4-u16"]
[BlackElo "1893"]
[WhiteElo "2069"]

1. e4 Nc6 2. d4 d5 3. e5 Bf5 4. c3 e6 5. Nd2 Be7 6. f4 Nh6 7. Ndf3 Qd7 8. Ne2 Bg4
9. Neg1 Nf5 10. Bd3 Na5 11. Qe2 c5 12. dxc5 O-O 13. b4 Nc6 14. Bxf5 Bxf5 15. Be3
a5 16. b5 Na7 17. a4 Rac8 18. c6 bxc6 19. b6 c5 20. bxa7 Qxa7 21. Qf2 Qb6 22. Ne2
Qb2 23. O-O Bd3 24. Bd2 Rb8 25. Rfd1 Bc2 26. Rdc1 Bd3 27. Ng3 Rfc8 28. Be3 h6 29.
Ne1 Bh7 30. Qxb2 Rxb2 31. Rd1 c4 32. Nf3 Rcb8 33. Nd4 Bc5 34. Nf1 Be4 35. Rd2 Rb1
36. Rd1 R1b2 37. Nd2 Bxd4 38. Bxd4 Bc2 39. Re1 Bxa4 40. Nxc4 dxc4 41. Rxa4 Rd2
42. Be3 Rc2 43. Rxc4 Rbb2 44. Kf1 Rxg2 45. Bg1 Rg4 46. Bf2 g5 47. Rc8+ Kg7 48.
fxg5 hxg5 49. Bg3 Rc2 50. Re2 Rc1+ 51. Kf2 a4 52. h3 1-0

[Event "TIPC 2012"]
[Site "Charleroi"]
[Date "2012.08.01"]
[Round "6.18"]
[White "Marchal, Patrice"]
[Black "Remy, Joël"]
[Result "0-1"]
[LiveChessVersion "1.4-u16"]
[BlackElo "2048"]
[WhiteElo "1868"]

1. e4 g6 2. d4 Bg7 3. Nc3 d6 4. Bc4 c6 5. Bb3 Nf6 6. Nf3 O-O 7. O-O Qc7 8. h3 e5
9. Be3 Nbd7 10. d5 c5 11. a4 b6 12. Nb5 Qb8 13. Qd3 a6 14. Na3 Nh5 15. c3 f5 16.
Ng5 f4 17. Bd2 Bf6 18. Ne6 Re8 19. g4 Ng7 20. Nxg7 Kxg7 21. f3 Bh4 22. Be1 Bxe1
23. Raxe1 Nf6 24. c4 Bd7 25. Kf2 Re7 26. Rh1 Qe8 27. Qc2 b5 28. axb5 axb5 29.
cxb5 Bxb5 30. Bc4 Bxc4 31. Nxc4 Qb8 32. Ra1 Rxa1 33. Rxa1 Rb7 34. Ra2 Ne8 35. Na5
Rd7 36. Nc6 Qb5 37. Qc3 Rb7 38. g5 c4 39. Nxe5 Qb6+ 40. Kf1 dxe5 41. Qxe5+ Kf8
42. Ra8 Qb5 43. Qh8+ Ke7 44. Qxh7+ Kd6 45. Qxg6+ Kc5 46. Qxe8 Qxb2 47. Qc6+ Kd4
48. Qf6+ Ke3 49. Qxb2 Rxb2 50. Ra3+ Rb3 51. Ra1 c3 52. Re1+ Kxf3 53. d6 c2 54. d7
Rd3 55. e5 Rxd7 56. e6 Rd1 0-1

[Event "TIPC 2012"]
[Site "Charleroi"]
[Date "2012.08.01"]
[Round "6.19"]
[White "Degembe, Pierre"]
[Black "Grillmaier, Philippe"]
[Result "1-0"]
[LiveChessVersion "1.4-u16"]
[BlackElo "1830"]
[WhiteElo "1991"]

1. e4 e6 2. d4 d5 3. Nd2 c5 4. exd5 exd5 5. Ngf3 Bd6 6. dxc5 Bxc5 7. Nb3 Bd6 8.
c3 Ne7 9. Bd3 O-O 10. Nbd4 h6 11. O-O Nbc6 12. Be3 f5 13. Qc2 Ne5 14. Nxe5 Bxe5
15. f4 Bf6 16. Rae1 Bd7 17. Bf2 Bxd4 18. Bxd4 Nc6 19. Be5 Rc8 20. Qb3 Qb6+ 21.
Qxb6 axb6 22. Re2 g6 23. Rfe1 Rfe8 24. a3 Na5 25. g4 Kf7 26. gxf5 gxf5 27. Rg2
Rg8 28. Rxg8 Rxg8+ 29. Kf2 Nc4 30. b3 Na5 31. Be2 Be6 32. Bd1 b5 33. Bc7 Nc6 34.
Be2 d4 35. c4 bxc4 36. bxc4 Rc8 37. Bd6 Na5 38. Rg1 Bxc4 39. Bh5+ Ke6 40. Rg6+
Kd7 41. Bb4 Nb3 42. Rg7+ Kc6 43. Bf3+ Kb6 44. Rxb7+ Ka6 45. Rh7 Re8 46. Rxh6+ Ka7
47. h4 Bd3 48. Bd1 Nc1 49. Bc5+ Kb8 50. Bxd4 Be4 51. Rh8 Rxh8 52. Bxh8 Nd3+ 53.
Kg3 Nc5 54. h5 Ne6 55. Bb3 1-0

[Event "TIPC 2012"]
[Site "Charleroi"]
[Date "2012.08.01"]
[Round "6.20"]
[White "De Villers, Mourad"]
[Black "Poelman, Geoffrey"]
[Result "1-0"]
[LiveChessVersion "1.4-u16"]
[BlackElo "1849"]
[WhiteElo "2137"]

1. c4 e5 2. g3 Nf6 3. Bg2 Nc6 4. Nf3 d5 5. cxd5 Nxd5 6. O-O Be7 7. d4 exd4 8.
Nxd4 Nxd4 9. Qxd4 Nb4 10. Qc3 O-O 11. a3 a5 12. e4 Ra6 13. e5 Bf5 14. axb4 axb4
15. Qf3 Rxa1 16. Qxf5 Qd4 17. Bxb7 Ra5 18. Qc2 Rc5 19. Qb3 Rxe5 20. Be3 Qg4 21.
Nd2 h5 22. Bf3 Qg6 23. Nc4 Rb5 24. Bf4 Rd8 25. Rd1 Rxd1+ 26. Qxd1 Qe6 27. b3 g5
28. Bxc7 g4 29. Bg2 Rc5 30. Bf4 Rc8 1-0

[Event "TIPC 2012"]
[Site "Charleroi"]
[Date "2012.08.02"]
[Round "7.1"]
[White "Ringoir, Tanguy"]
[Black "Kveinys, Aloyzas"]
[Result "0-1"]
[LiveChessVersion "1.4-u16"]
[BlackElo "2523"]
[WhiteElo "2427"]

1. d4  Nf6  2. c4  e6
 3. Nc3  Bb4  4. e3
 c5  5. Nge2  cxd4
 6. exd4  O-O  7. a3
 Be7  8. Nf4  d5 
9. cxd5  Nxd5  10. Ncxd5  exd5
 11. Bd3  Nc6  12. O-O
 Bf6  13. Be3  g6
 14. Rc1  Ne7  15. Qb3
 Bg7  16. Rc5  b6
 17. Rc3  Be6  18. Rfc1
 Rc8  19. Rxc8  Bxc8
 20. Qc3  Bf5  21. Ba6
 Bc8  22. Bxc8  Nxc8
 23. Qc7  Nd6  24. Nxd5
 Nf5  25. Qb7  h5
 26. h3  Qh4  27. Qxa7
 Bxd4  28. Bxd4  Qxd4
 29. Nxb6  Qxb2  30. Rf1
 Qd4  31. a4  Ng3
 32. Re1  Ne2+  33. Kh1
 Qxf2  34. Qa5  Re8
 35. Rd1  Re3  36. Qa8+
 Kh7  37. Qc8  Rg3 0-1

[Event "TIPC 2012"]
[Site "Charleroi"]
[Date "2012.08.02"]
[Round "7.2"]
[White "Zubarev, Alexander"]
[Black "Vandevoort, Pascal"]
[Result "1-0"]
[LiveChessVersion "1.4-u16"]
[BlackElo "2388"]
[WhiteElo "2596"]

1. d4  Nf6  2. c4  g6
 3. Nc3  Bg7  4. e4
 d6  5. Be2  O-O 
6. Bg5  c5  7. d5  a6
 8. a4  h6  9. Bf4
 Re8  10. Qd2  Kh7
 11. h3  e6  12. Nf3
 exd5  13. exd5  Ne4
 14. Nxe4  Rxe4  15. O-O
 Qf6  16. Bg3  Qxb2
 17. Qxb2  Bxb2  18. Bd3
 Bxa1  19. Bxe4  Bf6
 20. Bxd6  Nd7  21. Bc7
 a5  22. Rb1  Kg7
 23. Rb3  Ra6  24. d6
 Ra7  25. Kf1  Kf8
 26. Ke2  Ke8  27. Bd5
 Kf8  28. g4  Bg7
 29. Kd2  Bf6  30. Rb1
 Bg7  31. Re1  Bf6
 32. h4  g5  33. hxg5
 hxg5  34. Kc2  Ra6
 35. Rb1  Ra7  36. Nd2
 Be5  37. Ne4  f6
 38. Rh1  Kg7  39. Be6
 Ra8  40. Bf5  Nf8
 41. Nxc5  1-0

[Event "TIPC 2012"]
[Site "Charleroi"]
[Date "2012.08.02"]
[Round "7.3"]
[White "Noiroux, Kevin"]
[Black "Rooze, Jan"]
[Result "1-0"]
[LiveChessVersion "1.4-u16"]
[BlackElo "2294"]
[WhiteElo "2154"]

1. d4  Nf6  2. Nf3  c5
 3. c3  b6  4. dxc5
 bxc5  5. e4  Bb7
 6. e5  Nd5  7. Bc4
 e6  8. a4  Be7 
9. h4  Qc7  10. Na3  a6
 11. Rh3  Nc6  12. Qe2
 O-O  13. Bd3  f6
 14. Nc4  fxe5  15. Nfxe5
 Nxe5  16. Nxe5  Bd6
 17. Nc4  Bf4  18. g3
 Bxc1  19. Rxc1  Rf6
 20. Qe5  Qxe5+  21. Nxe5
 d6  22. Nc4  e5 
23. Na5  Bc8  24. Be4  Rb8
 25. Bxd5+  Kf8  26. Rh2
 Rxb2  27. Nc4  Rb8
 28. f3  Bd7  29. Rb2
 Rxb2  30. Nxb2  Ke7
 31. Ke2  Rf8  32. a5
 Rb8  33. Nc4  Rb5
 34. Ke3  g6  35. g4
 Rb8  36. Nb6  Be6
 37. Bxe6  Kxe6  38. c4 Rh8 39.
Ke4 1-0

[Event "TIPC 2012"]
[Site "Charleroi"]
[Date "2012.08.02"]
[Round "7.4"]
[White "Wiley, Tom"]
[Black "Schneider, Hans-Peter"]
[Result "1-0"]
[LiveChessVersion "1.4-u16"]
[BlackElo "2130"]
[WhiteElo "2283"]

1. d4  d5  2. c4  e6
 3. Nc3  c5  4. cxd5
 exd5  5. Nf3  Nc6
 6. dxc5  d4  7. Na4
 Bxc5  8. Nxc5  Qa5+
 9. Bd2  Qxc5  10. Rc1
 Qb6  11. e3  dxe3
 12. Bxe3  Qb4+  13. Nd2
 Nge7  14. Bc4  O-O
 15. O-O  Bf5  16. Nb3
 Rad8  17. Qe2  Qd6
 18. Bc5  Qf6  19. Rfe1
 Rfe8  20. Rc3  h6
 21. Re3  Rd7  22. h3
 g5  23. g4  Bg6 
24. Bb5  Kf8  25. Bxc6  bxc6
 26. Na5  Rc7  27. b4
 Bh7  28. Nb3  Rd7
 29. Nd4  Rc7  30. Rf3
 1-0

[Event "TIPC 2012"]
[Site "Charleroi"]
[Date "2012.08.02"]
[Round "7.5"]
[White "Bomans, Arno"]
[Black "Apemiye, Austin"]
[Result "1/2-1/2"]
[LiveChessVersion "1.4-u16"]
[BlackElo "2069"]
[WhiteElo "2245"]

1. d4  Nf6  2. c4  d5
 3. cxd5  Qxd5  4. Nc3
 Qa5  5. e3  c6 
6. Nf3  Bg4  7. Qb3  Qb6
 8. Bc4  Qxb3  9. Bxb3
 Bxf3  10. gxf3  e6
 11. e4  Na6  12. Be3
 O-O-O  13. Rg1  g6
 14. Rc1  Kb8  15. Bc4
 Nc7  16. Ke2  Be7
 17. Rb1  Nh5  18. b4
 b5  19. Bd3  f5 
20. f4  fxe4  21. Bxe4  Nd5
 22. Nxd5  exd5  23. Bf3
 Ng7  24. Rbc1  Kb7
 25. a3  Rhe8  26. Bg4
 1/2-1/2

[Event "TIPC 2012"]
[Site "Charleroi"]
[Date "2012.08.02"]
[Round "7.6"]
[White "Remy, Joël"]
[Black "Sclacmender, Julien"]
[Result "0-1"]
[LiveChessVersion "1.4-u16"]
[BlackElo "2223"]
[WhiteElo "2048"]

1. d4  Nf6  2. Nf3  g6
 3. c4  Bg7  4. e3
 O-O  5. Be2  c5 
6. O-O  cxd4  7. exd4  d5
 8. b3  Nc6  9. Bb2
 Bf5  10. Nbd2  Rc8
 11. Nh4  Be6  12. Rc1
 Ne4  13. Nhf3  Qa5
 14. a3  Nxd2  15. Nxd2
 Bxd4  16. b4  Qd8
 17. Qb3  dxc4  18. Bxc4
 Bxc4  19. Nxc4  b5
 20. Ne3  e5  21. Rcd1
 Qh4  22. Rd3  Rfd8
 23. Rfd1  Kg7  24. Bxd4
 exd4  25. Qb2  Kg8
 26. Nc2  Ne5  27. Rxd4
 Rxd4  28. Nxd4  Rd8
 29. g3  Qe4  30. Qa1
 Rxd4  0-1

[Event "TIPC 2012"]
[Site "Charleroi"]
[Date "2012.08.02"]
[Round "7.7"]
[White "Schuermans, Robert"]
[Black "Callier, Christophe"]
[Result "1-0"]
[LiveChessVersion "1.4-u16"]
[BlackElo "2042"]
[WhiteElo "2202"]

1. e4  e6  2. d4  d5
 3. Nc3  Bb4  4. e5
 c5  5. a3  Bxc3+
 6. bxc3  Ne7  7. Qg4
 Qc7  8. Qxg7  Rg8
 9. Qxh7  cxd4  10. Kd1
 Nbc6  11. Nf3  dxc3
 12. Ng5  Nxe5  13. Bf4
 Qb6  14. Bxe5  Rxg5
 15. Qh4  Rf5  16. Qh8+
 Kd7  17. Bd4  Ng6
 18. Qg7  Qc7  19. Bd3
 Qf4  20. Bxc3  Qg4+
 21. Kc1  Rxf2  22. Kb2
 Kc6  23. g3  e5 
24. Raf1  Rxf1  25. Rxf1  Be6
 26. Bxe5  Nxe5  27. Qxe5
 Rg8  28. Qc3+  Kd6
 29. Rf4  Qg7  30. Rd4
 Qh8  31. Rh4  Qxc3+
 32. Kxc3  Kc5  33. Kd2
 b5  34. Ke3  a5 
35. c3  Rb8  36. Rf4  b4
 37. axb4+  axb4  38. Rxb4
 Rxb4  39. cxb4+  Kxb4
 40. Kd4  f6  41. h4
 Bf7  42. g4  Ka5
 43. Kc5  Ka4  44. h5
 1-0